Word Scramble - Islands - Statistics

General Stats
  • This quiz has been taken 1,181 times
  • The average score is 8 of 20
Answer Stats
Initial Island % Correct
J Java
93%
C Cuba
92%
J Jamaica
88%
M Madagascar
88%
M Malta
88%
C Cyprus
87%
C Crete
85%
K King
85%
T Taiwan
85%
H Hawaiʻi
84%
B Bali
83%
N North
83%
J Jolo
81%
O Oahu
81%
J Jeju
80%
V Viti
80%
B Buru
79%
S Sicily
78%
B Borneo
72%
N Nias
70%
C Cebu
68%
D Devon
68%
B Banks
67%
H Honshu
67%
T Timor
67%
N Newfoundland
65%
O Okinawa
64%
S South
64%
B Baffin
62%
H Hokkaido
62%
M Mauritius
62%
B Batam
61%
L Luzon
61%
M Majorca
61%
T Tasmania
61%
V Vanua
61%
Z Zealand
59%
I Ireland
58%
S Samar
56%
P Phuket
55%
V Victoria
55%
M Manhattan
54%
T Tenerife
54%
T Trinidad
54%
H Hainan
53%
S Singapore
52%
S Sumba
52%
B Bahrain
51%
F Funen
50%
H Hispaniola
47%
W Wellington
47%
C Corsica
45%
K Kyushu
45%
S Sardinia
45%
B Buton
44%
S Sumatra
44%
V Vancouver
44%
P Panay
42%
A Alexander
41%
G Graham
41%
G Greenland
40%
M Mackenzie
39%
M Martinique
39%
R Réunion
39%
K Kodiak
38%
A Ambon
36%
B Bohol
36%
L Leyte
36%
M Madura
36%
P Pemba
36%
F Flores
35%
L Lombok
35%
X Xiamen
35%
S Staten
33%
R Roosevelt
32%
S Seram
32%
M Melville
29%
S Sulawesi
28%
B Bangka
27%
E Ellesmere
27%
C Coats
26%
G Guadalcanal
25%
P Palawan
25%
S Shikoku
24%
B Bylot
23%
M Margarita
23%
P Penang
23%
M Mindanao
22%
M Mactan
21%
B Bhola
19%
H Haizhu
19%
N Negros
19%
B Bolshevik
18%
S Sakhalin
18%
S Spitsbergen
18%
S Siple
17%
B Bougainville
15%
S Somerset
15%
S Southampton
13%
C Carney
12%
C Chongming
11%
S Sumbawa
11%
B Bananal
10%
M Mindoro
9%
M Masbate
8%
C Caviana
7%
B Basilan
6%
B Bathurst
6%
A Anticosti
5%
Z Zhoushan
5%
S Salsette
4%
S Sandwip
4%
B Berkner
3%
H Halmahera
3%
K Kotelny
3%
C Cangshan
2%
R Riesco
2%
C Cornwallis
1%
T Thurston
1%
C Chichagof
0%
No matching quizzes found
Score Distribution
Percent of People with Each Score
Percentile by Number Answered
Your Score History
You have not taken this quiz